Paroles de la Grece antique
Saved in:
| Other Authors: | |
|---|---|
| Format: | Book |
| Language: | French |
| Published: |
Paris :
Albin Michel,
1994
|
| Series: | Carnets de sagesse
|
| Subjects: | |
| Tags: |
Add Tag
No Tags, Be the first to tag this record!
|
MARC
| LEADER | 00000nam a2200000 i 4500 | ||
|---|---|---|---|
| 001 | 1/21219 | ||
| 008 | 970707s1994 fre d | ||
| 020 | |a 2-226-06686-1 | ||
| 035 | |a 1995 |b 3 |c Ζερβού |l 10036243 | ||
| 040 | |a GR-MY-UA |b gre |e aacr | ||
| 041 | 0 | |a fre | |
| 082 | 0 | |a 089.81 | |
| 245 | 1 | 0 | |a Paroles de la Grece antique / |c textes et photos de Jacques Lacarriere |
| 260 | |a Paris : |b Albin Michel, |c 1994 | ||
| 300 | |a 53 p. | ||
| 490 | 1 | |a Carnets de sagesse | |
| 650 | 0 | 0 | |a Quotations, Greek |x Translations into English. |
| 700 | 1 | |a Lacarriere, Jacques |d 1925- |4 pht | |
| 830 | 0 | |a Carnets de sagesse | |
| 852 | |a INST |b RHODES |e 19970707 |h 089.81 PAR |p 005400011396 |q 005400011396 |t BK |y 0 | ||
| 909 | |a Ρ |b 046491 |c 1995 | ||